Scientific writing and reporting for media/ (Record no. 160911)

MARC details
000 -LEADER
fixed length control field 00644nam a22001937a 4500
005 - DATE AND TIME OF LATEST TRANSACTION
control field 20190216153657.0
010 ## - LCCN (DPL NO)
LC control number ENG-124822
020 ## - INTERNATIONAL STANDARD BOOK NUMBER
International Standard Book Number 9788186772881
Terms of availability 295.00
035 ## - SYSTEM CONTROL NUMBER
System control number EN-108354
037 ## - SOURCE OF ACQUISITION
Source of stock number/acquisition DBAD/PUB
082 ## - DEWEY DECIMAL CLASSIFICATION NUMBER
Classification number 070.43
100 ## - MAIN ENTRY--PERSONAL NAME
Personal name Gupta Sangeeta
245 ## - TITLE STATEMENT
Title Scientific writing and reporting for media/
Statement of responsibility, etc by Sangeeta Gupta [and] Mithilesh Verma
260 ## - PUBLICATION, DISTRIBUTION, ETC. (IMPRINT)
Place of publication, distribution, etc New Delhi
Name of publisher, distributor, etc New Academic Publishers
Date of publication, distribution, etc 2016
270 ## - ADDRESS
Address 4760-61, 23 Ansari Road, Daryaganj
City New Delhi
Postal code 110002
Electronic mail address napindia@newacademicpublishers.com
300 ## - PHYSICAL DESCRIPTION
Extent 82p.
Dimensions 21cm(pbk)
700 ## - ADDED ENTRY--PERSONAL NAME
Personal name Verma Mithilesh
942 ## - ADDED ENTRY ELEMENTS (KOHA)
Source of classification or shelving scheme Dewey Decimal Classification
Item type English Books
Classification part 070.43
Call number suffix GUP
Holdings
Withdrawn status Lost status Not for loan Collection code Home library Current library Date acquired Source of acquisition Cost, normal purchase price Full call number Barcode Copy number Cost, replacement price Koha item type
    Not For Loan Non-fiction D.B.Act.Division Ashok Vihar 16/02/2019 DBAD/PUB 295.00 070.43 GUP EN-108354 1 295.00 English Books

© Delhi Public Library
Hit Counter
free hit counter